000 00622nam a2200217 a 4500
008
020 _a9838970255 (pbk.)
049 _aMAIN
090 _aHD57.7
_bMAX
100 1 _aMaxwell, J. C.
_q(John C.)
245 1 0 _aDeveloping the leader within you /
_cJohn C. Maxwell.
260 _aNashville :
_bT. Nelson,
_cc1993.
300 _a207 p. :
_bill. ;
_c23 cm.
504 _aIncludes bibliographical references.
650 0 _aLeadership.
907 _a.b10309469
_b28-02-12
_c28-02-12
003
005 20230123125414.0
040 _cNUST
942 _cBOOKS
_kHD57.7
_mMAX
999 _c140940
_d140940